|
|
|
|
| LEADER |
00000nab a2200000 a 4500 |
| 001 |
vtls000454842 |
| 003 |
SK-MaSNL |
| 005 |
20260302235937.0 |
| 008 |
140422c1992 xo 0 slo |
| 015 |
|
|
|a SNBRB19rr/mm-uuuuu
|
| 035 |
|
|
|a CL0454973
|
| 040 |
|
|
|a SNKBUCL
|b slo
|c SNKBUCL
|e AACR2
|
| 041 |
0 |
|
|a slo
|
| 044 |
|
|
|a xo
|c SK
|
| 080 |
|
|
|a 82:05
|2 1981
|
| 080 |
|
|
|a 05
|2 1981
|
| 100 |
1 |
|
|a Števček, Pavol,
|d 1932-2003
|4 aut
|9 103687
|
| 245 |
1 |
0 |
|a Literárny týždenník - aký je
|c Pavol Števček
|
| 650 |
0 |
7 |
|a Literárny týždenník
|2 snkbucl
|9 898539
|
| 655 |
|
7 |
|a články z novín a časopisov
|2 snkbucl
|9 267496
|
| 655 |
|
7 |
|a články z odboru literárna veda a krásna literatúra
|2 snkbucl
|9 770045
|
| 773 |
0 |
|
|t Literárny týždenník
|g Roč. 5, č. 9 (1992), s. /1/ a 5
|
| 850 |
|
|
|a Slovenská národná knižnica v Martine
|a MTA001
|
| 852 |
|
|
|a SNK
|b KIS3GCP
|
| 958 |
|
|
|a RK
|
| 958 |
|
|
|a LX
|
| 999 |
|
|
|c 1556539
|d 1558469
|